000 00474nam a22001217a 4500
999 _c9787
_d9787
003 OSt
008 201203b ||||| |||| 00| 0 eng d
245 _aThe ICFAI University Journal of Organizational Behaviour
250 _a2015(Jan Vol.14 No.1, Apr Vol.14 No.2, Jul Vol.14 No.3, Oct Vol.14 No.4) 2016(Jan Vol.15 No.1, Apr Vol.15 No.2, Jul Vol.15 No.3, Oct Vol.15 No.4)
260 _aHyderabad, Andhra Pradesh
_bICFAI University Press
650 _aManagement
942 _2ddc
_cBV